| 000 | 00560nam a2200145Ia 4500 | ||
|---|---|---|---|
| 008 | 090124s9999 xx 000 0 und d | ||
| 082 | _b200860 | ||
| 245 | _a निबंध आणि कल्पना विस्तार | ||
| 250 | _a2 | ||
| 260 |
_bपाठक गंगाधर रामचंद्र (बलराम नांगरे) _c1969 |
||
| 300 | _a232 | ||
| 630 | _a निबंध आणि कल्पना विस्तार | ||
| 730 | _a निबंध आणि कल्पना विस्तार | ||
| 942 | _cBOOK | ||
| 999 |
_c182428 _d182428 |
||